|
|
|
|
| LEADER |
00000nab a2200000 a 4500 |
| 001 |
vtls000768611 |
| 003 |
SK-MaSNL |
| 005 |
20260304110313.0 |
| 008 |
250429c2001 xo 0 slo |
| 015 |
|
|
|a SNBRB2001/10-28053
|
| 035 |
|
|
|a CLN000120398
|
| 035 |
|
|
|a urn:nbn:sk:snk-abma0
|
| 035 |
|
|
|a (urnnbn)urn:nbn:sk:snk:ar-a03fm7
|
| 035 |
|
|
|a (uuid)7df9a6c3-0aed-4f86-bf79-8a7bdf2474f8
|
| 040 |
|
|
|a SNKBUCL
|b slo
|c SNKBUCL
|e AACR2
|
| 041 |
0 |
|
|a slo
|
| 044 |
|
|
|a xo
|c SK
|
| 080 |
|
|
|a 616.833-089
|2 1997
|
| 100 |
1 |
|
|a Matejčík, Viktor,
|d 1951-
|4 aut
|9 12959
|
| 245 |
1 |
0 |
|a Results of surgical treatment of peripheral nerve injuries in super extremities
|c V. Matejčík
|
| 246 |
1 |
1 |
|a Chirurgické liečenie poranení periférnych nervov horných končatín
|
| 300 |
|
|
|b Tab.
|
| 504 |
|
|
|a Res. angl., slov.
|
| 504 |
|
|
|a Bibliogr. odkazy
|
| 650 |
0 |
7 |
|a periférne nervy
|2 SNKPH
|9 1268712
|
| 650 |
0 |
7 |
|a chirurgia
|2 SNKPH
|9 2178
|
| 650 |
0 |
7 |
|a horné končatiny
|2 SNKPH
|9 114419
|
| 655 |
|
7 |
|a články z novín a časopisov
|2 SNK
|9 267496
|
| 773 |
0 |
|
|t Bratislavské lekárske listy
|g Roč. 102, č. 4 (2001), s. 187-195
|x 0006-9248
|
| 850 |
|
|
|a Slovenská národná knižnica
|
| 852 |
|
|
|a Slovenská národná knižnica
|
| 954 |
|
|
|a odborná, vedecká literatúra pôvodná (slovenská)
|2 lita
|
| 958 |
|
|
|a article27
|
| 958 |
|
|
|a MI
|
| 958 |
|
|
|a NB
|
| 958 |
|
|
|a OND
|
| 958 |
|
|
|a EUIPO
|
| 992 |
|
|
|a RBX
|
| 999 |
|
|
|c 2859366
|d 2861296
|